The quantitative method in biology / (Record no. 168557)

MARC details
000 -LEADER
campo de control de longitud fija 00426nam a22001455i 4500
001 - NÚMERO DE CONTROL
campo de control 168557
003 - IDENTIFICADOR DE NÚMERO DE CONTROL
campo de control ES-MaACL
005 - FECHA Y HORA DE LA ÚLTIMA TRANSACCIÓN
campo de control 20230906213823.0
008 - DATOS DE LONGITUD FIJA--INFORMACIÓN GENERAL
campo de control de longitud fija 080421s1919 xxk |||| | eng d
100 1# - ENTRADA PRINCIPAL--NOMBRE DE PERSONA
Nombre de persona MacLeod, Julius.
9 (RLIN) 137645
245 14 - MENCIÓN DEL TÍTULO
Título The quantitative method in biology /
Mención de responsabilidad, etc. by Julius MacLeod.
260 ## - PUBLICACIÓN, DISTRIBUCIÓN, ETC.
Lugar de publicación, distribución, etc. Marchester :
Nombre del editor, distribuidor, etc. The University Press,
Fecha de publicación, distribución, etc. 1919.
300 ## - DESCRIPCIÓN FÍSICA
Extensión XI, 228 p. ;
Dimensiones 24 cm.
852 ## - LOCALIZACIÓN
Ubicación ES-MaACL
Número de control de estantería E-1510
Holdings
Estatus retirado Estado de pérdida Estado de daño No para préstamo Biblioteca de origen Biblioteca actual Ubicación en estantería Fecha de adquisición Fuente de adquisición Total de préstamos Signatura topográfica completa Código de barras Visto por última vez Precio de reemplazo Tipo de ítem Koha
        Biblioteca del Ateneo de Madrid Biblioteca del Ateneo de Madrid Depósito 2 21/04/2008     E-1510 1176883 23/02/2023 23/02/2023 Libro impreso